00333nam a22000977a 4500008004100000020001500041082002100056245009600077260005500173300000700228230626b xxu||||| |||| 00| 0 eng d a9987666329 a337.11bEAC 2006 a 2nd Extra Ordinary Summit of the East African Community Heads of State bArusha, Tanzania  aTanzania bEast African Community Secretaiatc2006 a3p